Name all the German Speaking Countries - Statistics

General Stats
  • This quiz has been taken 95 times
  • The average score is 6 of 6
Answer Stats
Continent Native Speakers Country % Correct
Europe 74,430,000 Germany
100%
Europe 8,602,112 Austria
98%
Europe 8,256,000 Switzerland
94%
Europe 11,000 Luxembourg
93%
Europe 11,245,629 Belgium
88%
Europe 32,075 Liechtenstein
88%
No matching quizzes found
Score Distribution
Percent of People with Each Score
Percentile by Number Answered
Your Score History
You have not taken this quiz